000 00733cam a22002533a 4500
001 21109
003 PGUSA
005 20140828083441.0
008 070416s2007||||xxu|||||s|||||000 1 eng d
040 _aPGUSA
_beng
042 _adc
050 4 _aPR
100 1 _aVaizey, George de Horne,
_cMrs,
_d1857-1917
245 1 0 _aBig Game :
_bA Story for Girls
_h[electronic resource] /
_cGeorge de Horne, Vaizey
260 _bProject Gutenberg,
_c2007
506 _aPublic domain in the USA.
516 _aElectronic text
653 _aPoets -- Fiction
653 _aBrothers and sisters -- Fiction
653 _aLove stories
830 0 _aProject Gutenberg
_v21109
856 4 0 _uhttp://www.gutenberg.org/ebooks/21109
942 _cEB
999 _c250364
_d250364